The Episode at Lystra : (Record no. 603788)

MARC details
000 -LEADER
fixed length control field 00470nam a2200181 a 4500
008 - FIXED-LENGTH DATA ELEMENTS--GENERAL INFORMATION
fixed length control field 251216s1997##################000#0#eng##
020 ## - INTERNATIONAL STANDARD BOOK NUMBER
ISBN 9780820433844
082 04 - DEWEY DECIMAL CLASSIFICATION NUMBER
Classification number 226.6066
Item number FOU
100 1# - MAIN ENTRY--AUTHOR NAME
Personal name Fournier, Marianne,
245 10 - TITLE STATEMENT
Title The Episode at Lystra :
260 ## - PUBLICATION, DISTRIBUTION, ETC. (IMPRINT)
Name of publisher New York : P. Lang,
Year of publication 1997.
650 #0 - SUBJECT ADDED ENTRY--TOPICAL TERM
Topical Term Bible.
942 ## - ADDED ENTRY ELEMENTS (KOHA)
Koha item type English Books
Holdings
Withdrawn status Lost status Damaged status Not for loan Home library Current library Shelving location Date acquired Full call number Accession Number Price effective from Koha item type
        Anna Centenary Library Anna Centenary Library 3RD FLOOR, B WING 22.12.2025 226.6066 FOU 217546 22.12.2025 English Books

Find us on the map